000
00284nam a22001337a 4500
008
171123b xxu||||| |||| 00| 0 eng d
020
_a
9780669417944
041
_a
eng
080
_2
4TH
_a
54
100
_a
12
101
_a
KIM
245
_a
CHEMISTRY
_c
ZUMDAHL,S.S
942
_2
udc
_c
BK
999
_c
38321
_d
38321